Stručný sprievodca daňou z pridanej hodnoty pre začínajúcich podnikateľov
Všeobecná charakteristika dane z pridanej hodnoty. Zákon č. 289/1995 Z.z. v znení neskorších noviel, upravujúci daň z pridanej hodnoty. Povinnosť platiť DPH. Daňový doklad. Vlastná daňová povinnosť. Daň na vstupe a na výstupe. Odpočet dane. Základný mechanizmus fungovania dane z pridanej hodnoty. Da...
Salvato in:
| Autore principale: | |
|---|---|
| Natura: | Capitolo di libro |
| Lingua: | slovacco |
| Soggetti: | |
| Tags: |
Nessun Tag, puoi essere il primo ad aggiungerne!!
|
MARC
| LEADER | 00000naa a2200000 4500 | ||
|---|---|---|---|
| 001 | r031480 | ||
| 005 | 20230926072105.8 | ||
| 041 | 0 | |a slo | |
| 044 | |a SK | ||
| 245 | 1 | 0 | |a Stručný sprievodca daňou z pridanej hodnoty pre začínajúcich podnikateľov |c Alena Zúziková |
| 520 | |a Všeobecná charakteristika dane z pridanej hodnoty. Zákon č. 289/1995 Z.z. v znení neskorších noviel, upravujúci daň z pridanej hodnoty. Povinnosť platiť DPH. Daňový doklad. Vlastná daňová povinnosť. Daň na vstupe a na výstupe. Odpočet dane. Základný mechanizmus fungovania dane z pridanej hodnoty. Daňové priznanie. | ||
| 610 | 2 | 0 | |a dane z hodnoty pridanej |
| 610 | 2 | 0 | |a zákony |
| 610 | 2 | 0 | |a Slovensko |
| 610 | 2 | 0 | |a 1995-1997 |
| 610 | 2 | 0 | |a povinnosť daňová |
| 610 | 2 | 0 | |a doklady daňové |
| 610 | 2 | 0 | |a podnikatelia |
| 610 | 2 | 0 | |a priznania daňové |
| 100 | 1 | |a Zuziková, Alena | |